Đường vào toán học hiện đại

Guardat en:
Dades bibliogràfiques
Autor principal: Đường vào toán học hiện đại
Format: Llibre
Idioma:Undetermined
Publicat: Hà Nội KHKT 1979
Matèries:
Etiquetes: Afegir etiqueta
Sense etiquetes, Sigues el primer a etiquetar aquest registre!
Thư viện lưu trữ: Trung tâm Học liệu Trường Đại học Cần Thơ
LEADER 00550nam a2200169Ia 4500
001 CTU_1044
008 210402s9999 xx 000 0 und d
082 |a 509 
082 |b S271 
100 |a Đường vào toán học hiện đại 
245 0 |a Đường vào toán học hiện đại 
245 0 |c Đường vào toán học hiện đại, Phan Văn Cự, Trần Trung 
260 |a Hà Nội 
260 |b KHKT 
260 |c 1979 
650 |a mathematics 
980 |a Trung tâm Học liệu Trường Đại học Cần Thơ